1902 1409 1592 1971 1793 1976 1381 1005 1255 1062 1471 1009 1147 1055 1888 1273 1955 1783 1177 1756 1926 1086 1426 1342 1548 1002 1275 1704 1711 1157 1274 1387 1113 1776 1924 1261 1262 1155 1441 1369 1903 1008 1384 1602 1470 1694 1190 1974 1250 1596 1279 1022 1205 1229 1676 1635 1970 1757 1355 1449 1118 1570 1222 1614 1292 1647 1066 1113 1848 1918 1940 1102 1195 1263 1218 1375 1854 1646 1489 1550 1469 1352 1866 1807 1808 1236 1276 1657 1196 1020 1632 1751 1341 1562 1656 1611 1308 1660 1429 BCNSPRNW ULIB Ver.6.0+V

เปลี่ยนเป็นภาษาไทย

Change to English
 แสดงรายละเอียดบรรณานุกรม
  กลับหน้าหลัก

Brief Record : Get Marc (ISO 2709) : E-mail record : QR code < ปิดหน้าต่าง
LEADER : 00000nam 2200000uu 4500
001    13399111781
003     ULIB
008    110708s2553||||th 000 0 tha d
020    9789746452762(ล.1)
060  4 WY150^bผ246อ ล.1
110 1  มหาวิทยาลัยสุโขทัยธรรมาธิราช^bสาขาวิชาพยาบาลศาสตร์
245 00 เอกสารการสอนชุดวิชา การพยาบาลผู้ใหญ่และผู้สูงอายุ หน่วยที่1-5=^bAdult and elderly nursing /^cบรรณาธิการ ศรีนวล สถิตวิทยานันท์
246 31  Adult and elderly nursing
250    พิมพ์ครั้งที่ 10
260    นนทบุรี:^bศูนย์หนังสือมหาวิทยาลัยสุโขทัยธรรมาธิราช,^c2553
300    445 หน้า
650  7 การพยาบาลผู้สูงอายุ
650  7 การพยาบาลผู้ใหญ่
700 0  ศรีนวล สถิตวิทยานันท์,^eบรรณาธิการ
710 2  มหาวิทยาลัยสุโขทัยธรรมาธิราช^bสาขาวิชาพยาบาลศาสตร์
945    ^p0^l0^i18297
945    ^p0^l0^i18298
945    ^p0^l0^i18299
995    กัณชพร
999    ^aใช้งานได้ทุกระบบ
รายการนี้ยังไม่มีแท็ก
คุณยังไม่ได้ล็อกอิน คุณสามารถมีกิจกรรมร่วมกับเว็บไซต์ได้ แต่ต้องล็อกอินก่อน ::
  ล็อกอิน

รายการสื่อสารสนเทศ

ลำดับที่ ประเภท เลขเรียก/บาร์โค้ด สถานที่ สถานะ
1. วิทยาศาสตร์การแพทย์ และสุขภาพ
วิทยาศาสตร์การแพทย์ และสุขภาพ
WY150 ผ246อ ล.1  
  Barcode: 18297
ห้องสมุดวิทยาเขตนครสวรรค์
►ส่วนจัดเก็บหนังสือเก่า นว.
บนชั้น
  ขอยืม
2. วิทยาศาสตร์การแพทย์ และสุขภาพ
วิทยาศาสตร์การแพทย์ และสุขภาพ
WY150 ผ246อ ล.1 ฉ.2 
  Barcode: 18298
ห้องสมุดวิทยาเขตนครสวรรค์
►ส่วนจัดเก็บหนังสือเก่า นว.
บนชั้น
  ขอยืม
3. วิทยาศาสตร์การแพทย์ และสุขภาพ
วิทยาศาสตร์การแพทย์ และสุขภาพ
สถานะ=หนังสือเก่า
WY150 ผ246อ ล.1 ฉ.3 
  Barcode: 18299
ห้องสมุดวิทยาเขตนครสวรรค์
►ส่วนจัดเก็บหนังสือเก่า นว.
บนชั้น
  ขอยืม

รายการใกล้เคียง
    หัวเรื่อง [การพยาบาลผู้สูงอายุ]
    หัวเรื่อง [การพยาบาลผู้ใหญ่]

BibComment


ยังไม่เคยถูกคอมเมนท์

คอมเมนท์ทรัพยากรรายการนี้
  คอมเมนท์: เอกสารการสอนชุดวิ..


 Copyright 2026. Bcnsprnw @Library